| 000 | 00860cam a22002535a 4500 | ||
|---|---|---|---|
| 001 | 16410748 | ||
| 003 | ARRUPE | ||
| 005 | 20140325141944.0 | ||
| 008 | 100806s2010 be 000 0 eng | ||
| 020 | _a9789042922150 | ||
| 035 | _a(CaONFCNI)ny5449831 | ||
| 040 |
_aDLC _cDLC |
||
| 050 | _aB3148.R988 2010 | ||
| 100 | 1 |
_aRyan, Christopher, _d1966- _99295 |
|
| 245 | 1 | 0 |
_aSchopenhauer's philosophy of religion : _bthe death of God and the Oriental Renaissance / _cby Christopher Ryan. |
| 260 |
_aLeuven : _bPeeters, _c2010. |
||
| 300 |
_aviii, 249 p. ; _ccm. |
||
| 440 | 0 |
_aStudies in philosophical theology _n43 _99296 |
|
| 500 | _aIncludes bibliographical references (p. [233]-244) and index. | ||
| 600 |
_aSchopenhauer, Arthur _xReligion _99297 |
||
| 906 |
_a0 _bibc _corigres _du _encip _f20 _gy-gencatlg |
||
| 942 |
_2lcc _cMONOGRAPH |
||
| 999 |
_c120262 _d120262 |
||